000 01344nam a2200349 a 4500
001 000024766
005 20240419194149.0
008 110203s1987 ve r 000 0 spa d
020 _a9806102177
040 _aDO-SdBNP
_bspa
_cBNPHU
041 1 7 _aspa
_heng
_2Código de idioma MARC
082 _a331.01
_bS594t
100 1 _aSimon, Yvés René,
_d1903-1961.
_950823
240 1 0 _aWork, society, and culture.
_lEspañol.
245 1 0 _aTrabajo, sociedad y cultura /
_cYvés René Simon ; versión castellana de Gloria Brigé de Sucre y Loló Gil de Yánes ; prólogo Vukan Kuic.
260 _aCaracas, Venezuela :
_bIFEDEC,
_c1987.
300 _a167 p. ;
_c23 cm.
534 _aTítulo original:
_tWork, society, and culture
504 _aIncluye referencias bibliográficas
500 _aIncluye notas al pie de las páginas
500 _aIncluye datos del autor en la contracubierta
650 4 _aFilosofía del trabajo
_950759
650 4 _aTrabajo
_xAspecto social
_950761
650 0 _aClase trabajadora
_914034
650 4 _aSociología del trabajo
_950760
650 4 _aEconomía del trabajo
_949793
700 1 _aBrigé de Sucre, Gloria
_950824
700 1 _aGil de Yánes, Loló
_950825
700 1 _aKuic, Vukan,
_epról.
_950826
710 2 _aCentro Internacional de Formación Arístides Calvani.
_950827
049 _aBNGR
999 _c24259
_d24259